书目信息 |
| 题名: |
施工组织设计范例50篇
|
|
| 作者: | ;中国建筑业协会筑龙网 编著 | |
| 分册: | ||
| 出版信息: | 北京 中国建筑工业出版社 2003.11 |
|
| 页数: | 288页 | |
| 开本: | 21cm | |
| 丛书名: | ||
| 单 册: | ||
| 中图分类: | TU721 | |
| 科图分类: | ||
| 主题词: | 建筑工程--施工组织--范例 , 建筑工程 , 施工组织 | |
| 电子资源: | ||
| ISBN: | 7-112-06078-8 | |
| 000 | 00772nam0 2200241 45 | |
| 001 | 012004000000 | |
| 005 | 20050112145007.37 | |
| 010 | @a7-112-06078-8@b精装@dCNY 88.00 | |
| 100 | @a20041220e2003 em y0chiy0121 ea | |
| 101 | 0 | @achi |
| 102 | @aCN@b110000 | |
| 105 | @aak z 000yy | |
| 200 | 1 | @a施工组织设计范例50篇@Ashi gong zu zhi she ji fan li 50 pian@f中国建筑业协会筑龙网编著 |
| 210 | @a北京@c中国建筑工业出版社@d2003.11@h2004重印 | |
| 215 | @a288页@c图, 表格@d21cm@e附光盘1片 | |
| 320 | @a附参考文献 | |
| 606 | 0 | @a建筑工程@x施工组织@x范例 |
| 606 | 0 | @a建筑工程 |
| 606 | 0 | @a施工组织 |
| 690 | @aTU721@v4 | |
| 711 | 02 | @a中国建筑业协会筑龙网@Azhong guo jian zhu ye xie hui zhu long wang@4编著 |
| 801 | 0 | @aCN@bQSSKw@c20050112 |
| 905 | @a10447@dTU721@eZ5631 | |
| 施工组织设计范例50篇/中国建筑业协会筑龙网编著.-北京:中国建筑工业出版社,2003.11(2004重印) |
| 288页:图, 表格;21cm+附光盘1片 |
| ISBN 7-112-06078-8(精装):CNY 88.00 |
| ● |
| 相关链接 |
|
|
|
正题名:施工组织设计范例50篇
索取号:TU721/Z5631
 
预约/预借
| 序号 | 登录号 | 条形码 | 馆藏地/架位号 | 状态 | 备注 |
| 1 | 436410 | 204364106 | 自科二线404/404自科库 15排2列4层/ [索取号:TU721/Z5631] | 在馆 | |
| 2 | 436411 | 204364115 | 建筑库201/201建筑库 28排4列2层/ [索取号:TU721/Z5631] | 在馆 |